000 00527nam a2200217 a 4500
001 0001-2273
003 ELIB.Books
008 190813 2010 eng
020 _a0830705295
092 _aB
_bRi
100 _aRichardson, Don.
245 _aLords of the Earth
260 _aVentura
_bRegal Books
_c1977
300 _a368
_c20cm
650 _aBiography
856 _nKBTS Library
_uKBTS Elib
942 _2ddc
_cBK
990 _a1
998 _aEnglishbooks.elf
_ccat
_e2019-08-13
999 _c12273
_d12273